000
00337nam a2200145Ia 4500
008
150301s2015 xx 000 0 und d
082
_a
615.8
_b
H09S
100
_a
SAIYADAIN, MIRZA
245
_a
HUMAN RESOUREES MANAGEMENT
250
_a
4TH
260
_b
MEGROWHILL INDIA
300
_a
511
650
_a
PHARMACEUTICS
942
_2
ddc
_c
BK
999
_c
7360
_d
7360